[Event "13th Africa-ch (w)"]
[Site "Hammamet TUN"]
[Date "2019.07.13"]
[Round "5.9"]
[White "Yavo, Tchetche Marie"]
[Black "Chihi, Malek"]
[Result "0-1"]
[WhiteElo "1393"]
[BlackElo "1526"]
[EventDate "2019.07.09"]
[PlyCount "136"]

1.d4 d5 2.Bf4 Nf6 3.Nd2 e6 4.e3 c5 5.dxc5 Bxc5 6.Ngf3 Nc6 7.Bb5 O-O 8.O-O 
a6 9.Bxc6 bxc6 10.Be5 Bb7 11.a3 Bb6 12.b4 Qe7 13.c4 Nd7 14.Bg3 c5 15.Rb1 
Rfc8 16.Qe2 cxb4 17.axb4 dxc4 18.Nxc4 Bc7 19.Qd3 Nb6 20.Bxc7 Qxc7 21.Nxb6 
Qxb6 22.Nd4 Qd8 23.Rfd1 Qg5 24.e4 Rd8 25.Qf3 Qe5 26.Qe3 Qxe4 27.Qxe4 Bxe4 
28.Rbc1 Rab8 29.f3 Bd5 30.Nc6 Bxc6 31.Rxd8+ Rxd8 32.Rxc6 Ra8 33.Kf2 Kf8 
34.Ke3 Ke8 35.Rb6 Ra7 36.Ke4 Kd7 37.Kd4 h6 38.g4 a5 39.bxa5 Rxa5 40.Rb7+ 
Ke8 41.h4 Kf8 42.Ke4 g6 43.Rb8+ Kg7 44.f4 f5+ 45.gxf5 gxf5+ 46.Kd4 Rd5+ 
47.Kc4 Rd1 48.Rb7+ Kf6 49.Rh7 Kg6 50.Re7 Re1 51.Kd4 Kh5 52.Rh7 Re4+ 53.Kd3
Rxf4 54.Re7 Re4 55.Rg7 Kxh4 56.Rg1 h5 57.Rh1+ Kg5 58.Rg1+ Rg4 59.Re1 Kf6 
60.Rh1 h4 61.Ke3 e5 62.Kf3 e4+ 63.Kf2 Kg5 64.Rh3 Rg3 65.Rxg3+ hxg3+ 66.
Kxg3 f4+ 67.Kf2 Kg4 68.Kg2 e3 0-1

[Event "13th Africa-ch (w)"]
[Site "Hammamet TUN"]
[Date "2019.07.14"]
[Round "6.6"]
[White "Mwango, Lorita"]
[Black "Shahenda, Wafa"]
[Result "1-0"]
[WhiteElo "1931"]
[BlackElo "2175"]
[EventDate "2019.07.09"]
[PlyCount "101"]

1.d4 f5 2.Nf3 Nf6 3.e3 g6 4.g3 Bg7 5.Bg2 O-O 6.O-O d6 7.c3 c6 8.Qb3+ d5 9.
c4 Qb6 10.Qc2 Ne4 11.cxd5 cxd5 12.Nc3 e6 13.Bd2 Nd7 14.Rac1 Qd8 15.Nb5 
Nxd2 16.Qxd2 Qe7 17.Rc2 g5 18.Rfc1 g4 19.Ne1 a6 20.Qa5 b6 21.Qa4 Nf6 22.
Nc7 Rb8 23.Nxa6 Qa7 24.Nc5 Qe7 25.Ncd3 Bd7 26.Qb3 Ne4 27.Rc7 Rfc8 28.Qa3 
Ra8 29.Qb3 Rcb8 30.Nb4 Qe8 31.a3 Bf8 32.Nc6 Bxc6 33.R7xc6 Nd2 34.Qd1 Ne4 
35.Bxe4 dxe4 36.Qb3 Kf7 37.Rc7+ Kf6 38.Rxh7 Bd6 39.Rh6+ Kf7 40.d5 Rc8 41.
Rd1 Qf8 42.Rxe6 Re8 43.Rxe8 Rxe8 44.Qxb6 Qh6 45.Ng2 Rh8 46.Nh4 Qf6 47.Qb7+
Kg8 48.Qc8+ Bf8 49.Qxf5 Qxb2 50.Qxg4+ Bg7 51.Qe6+ 1-0

[Event "13th Africa-ch (w)"]
[Site "Hammamet TUN"]
[Date "2019.07.14"]
[Round "6.7"]
[White "Chihi, Malek"]
[Black "El-Ansary, Eman"]
[Result "0-1"]
[WhiteElo "1526"]
[BlackElo "1946"]
[EventDate "2019.07.09"]
[PlyCount "61"]

1.e4 d5 2.exd5 Nf6 3.Nf3 Nxd5 4.d4 Bg4 5.Be2 e6 6.O-O Be7 7.c4 Nb6 8.Be3 
O-O 9.b3 Nc6 10.Nc3 f5 11.Ne1 Bxe2 12.Nxe2 Bf6 13.Nc2 Qe7 14.Qe1 Rad8 15.
Rd1 Rd7 16.f3 Rfd8 17.Qf2 Nb4 18.Nxb4 Qxb4 19.Rd2 Nc8 20.Rfd1 c5 21.d5 b6 
22.Nf4 e5 23.Ne6 Re8 24.Bg5 Bxg5 25.Nxg5 Ne7 26.Qe2 e4 27.Ne6 exf3 28.gxf3
b5 29.Re1 bxc4 30.bxc4 g5 31.Qf2 0-1

[Event "13th Africa-ch (w)"]
[Site "Hammamet TUN"]
[Date "2019.07.14"]
[Round "6.8"]
[White "Mululu, Linah"]
[Black "Ampaire, Shakira"]
[Result "0-1"]
[WhiteElo "1648"]
[BlackElo "1651"]
[EventDate "2019.07.09"]
[PlyCount "120"]

1.d4 d5 2.Nf3 Nf6 3.Nc3 g6 4.Bf4 c6 5.h3 Bg7 6.e3 Bf5 7.Be2 Ne4 8.Nxe4 
Bxe4 9.c3 Qb6 10.Qd2 Nd7 11.O-O Bxf3 12.Bxf3 O-O 13.e4 dxe4 14.Bxe4 Nf6 
15.Bf3 Rad8 16.b4 Rd7 17.Bh6 Re8 18.Bxg7 Kxg7 19.Qf4 e6 20.Rfe1 Qb5 21.a4 
Qc4 22.Re3 Rc8 23.Qe5 h6 24.Be4 Rd5 25.Bxd5 Qxd5 26.Qxd5 cxd5 27.Rc1 Rc4 
28.f3 b6 29.Ra1 a6 30.g4 Ne8 31.Kf2 Nd6 32.h4 Rc7 33.Ra2 Rc8 34.Kg3 Kf6 
35.a5 b5 36.Rc2 Kg7 37.Kf4 Rh8 38.Ree2 h5 39.Rh2 Kf6 40.Rce2 hxg4 41.fxg4 
Rc8 42.Rh3 Ne4 43.Rxe4 dxe4 44.Kxe4 Rh8 45.g5+ Ke7 46.Ke5 Rd8 47.Rd3 Rd5+ 
48.Ke4 Kd6 49.Rh3 Rf5 50.Kd3 Kd5 51.Re3 Rf4 52.Rh3 e5 53.dxe5 Kxe5 54.Re3+
Kd6 55.Re4 Rf3+ 56.Kd4 Rf1 57.Rg4 Rd1+ 58.Ke3 Rd5 59.Rd4 Rxd4 60.cxd4 Kd5 
0-1

[Event "13th Africa-ch (w)"]
[Site "Hammamet TUN"]
[Date "2019.07.14"]
[Round "6.9"]
[White "Ibrahim, Aishat"]
[Black "Yavo, Tchetche Marie"]
[Result "0-1"]
[WhiteElo "1661"]
[BlackElo "1393"]
[EventDate "2019.07.09"]
[PlyCount "115"]

1.d4 d5 2.Nf3 Nf6 3.Bf4 e6 4.e3 Nbd7 5.h3 a6 6.c4 dxc4 7.Bxc4 b5 8.Bd3 Be7
9.O-O O-O 10.Nbd2 Bb7 11.Rc1 Rc8 12.a3 c5 13.dxc5 Nxc5 14.Bb1 Qd5 15.Re1 
Nd3 16.Bxd3 Qxd3 17.Rxc8 Rxc8 18.Qb3 Qxb3 19.Nxb3 Bxf3 20.gxf3 Nd5 21.Bh2 
Rc2 22.Rc1 Rxc1+ 23.Nxc1 Nb6 24.Nd3 Nc4 25.Be5 f6 26.Bc3 Kf7 27.Kf1 a5 28.
b3 Nxa3 29.Bxa5 e5 30.e4 Nc2 31.Bb6 Kg6 32.Kg2 Bb4 33.f4 Ne1+ 34.Nxe1 Bxe1
35.Kg3 exf4+ 36.Kxf4 b4 37.Kg4 h5+ 38.Kg3 Bd2 39.f4 Kh6 40.Kf3 g5 41.f5 
Bc3 42.Be3 Kg7 43.Ke2 Kf7 44.Bd2 Ke7 45.Ke3 Kd6 46.Kd3 Bxd2 47.Kxd2 Ke5 
48.Ke3 h4 49.Kf3 Kd4 50.e5 Kxe5 51.Kg4 Ke4 52.Kh5 Kxf5 53.Kh6 Kf4 54.Kh5 
f5 55.Kh6 g4 56.hxg4 Kxg4 57.Kg6 h3 58.Kf6 0-1

[Event "13th Africa-ch (w)"]
[Site "Hammamet TUN"]
[Date "2019.07.15"]
[Round "7.6"]
[White "February, Jesse Nikki"]
[Black "Hwass, Zaineb"]
[Result "1-0"]
[WhiteElo "1888"]
[BlackElo "1403"]
[EventDate "2019.07.09"]
[PlyCount "63"]

1.e4 c5 2.Nf3 a6 3.d4 cxd4 4.Nxd4 Nf6 5.Nc3 e5 6.Nb3 Bb4 7.Bd2 d6 8.Bd3 
Be6 9.O-O O-O 10.a3 Bc5 11.Nxc5 dxc5 12.Bg5 h6 13.Bh4 Nbd7 14.Nd5 Bxd5 15.
exd5 Qc7 16.c4 Rfe8 17.Re1 Rab8 18.Bg3 Re7 19.d6 Qd8 20.dxe7 Qxe7 21.Bf5 
Rd8 22.Qb3 b6 23.Rad1 g6 24.Bxd7 Nxd7 25.Qd3 f6 26.Qd5+ Kh7 27.f4 h5 28.
fxe5 fxe5 29.Rf1 Kh8 30.Rf7 Qe8 31.Bxe5+ Kg8 32.Rxd7+ 1-0

[Event "13th Africa-ch (w)"]
[Site "Hammamet TUN"]
[Date "2019.07.15"]
[Round "7.7"]
[White "Marzouk, Amira"]
[Black "Ampaire, Shakira"]
[Result "1-0"]
[WhiteElo "1667"]
[BlackElo "1651"]
[EventDate "2019.07.09"]
[PlyCount "97"]

1.d4 d5 2.Bf4 Nf6 3.e3 g6 4.Nf3 Bg7 5.Be2 O-O 6.h3 Bf5 7.c4 c6 8.Nc3 Nbd7 
9.Qb3 Qb6 10.c5 Qxb3 11.axb3 Rfc8 12.b4 a6 13.Nd2 h5 14.f3 Nf8 15.g4 Bd7 
16.Na4 Re8 17.Nb6 Ra7 18.Nb3 hxg4 19.hxg4 N6h7 20.Kf2 e5 21.Bg3 f5 22.Nxd7
Nxd7 23.gxf5 gxf5 24.b5 a5 25.b6 Raa8 26.Rhd1 a4 27.Nc1 e4 28.Bf4 Nhf6 29.
Rg1 Kf7 30.Bd1 exf3 31.Kxf3 Rh8 32.Bxa4 Ne4 33.Ke2 Ndxc5 34.Rxg7+ Kxg7 35.
Be5+ Kh7 36.dxc5 Rhg8 37.Nd3 Rg2+ 38.Kf3 Rd2 39.Rh1+ Kg6 40.Nf4+ Kf7 41.
Rh7+ Kg8 42.Rg7+ Kf8 43.Ng6+ Ke8 44.Re7+ Kd8 45.Bc7+ Kc8 46.Kf4 Rxa4 47.
Ke5 Nxc5 48.Re8+ Kd7 49.Rd8# 1-0

[Event "13th Africa-ch (w)"]
[Site "Hammamet TUN"]
[Date "2019.07.15"]
[Round "7.8"]
[White "Shahenda, Wafa"]
[Black "Hilali, Wissal"]
[Result "1-0"]
[WhiteElo "2175"]
[BlackElo "1468"]
[EventDate "2019.07.09"]
[PlyCount "62"]

1.e4 c5 2.Nf3 d6 3.d4 cxd4 4.Nxd4 Nf6 5.Nc3 g6 6.Be3 Bg7 7.f3 Nc6 8.Qd2 
O-O 9.g4 Nxg4 10.fxg4 Bxg4 11.h3 Nxd4 12.Bxd4 Be6 13.O-O-O Qa5 14.Bxg7 
Kxg7 15.Kb1 Rfc8 16.h4 Rc5 17.Bh3 Bxh3 18.Rxh3 Rac8 19.Qd4+ Re5 20.Nd5 e6 
21.Nc3 Re8 22.h5 Qc5 23.Qxc5 Rxc5 24.hxg6 fxg6 25.Rdh1 Rh8 26.Rd3 Rc6 27.
Kc1 a6 28.b4 Re8 29.Kd2 d5 30.Ke3 Rcc8 31.Kf4 h5 1-0

[Event "13th Africa-ch (w)"]
[Site "Hammamet TUN"]
[Date "2019.07.15"]
[Round "7.10"]
[White "Yavo, Tchetche Marie"]
[Black "Mululu, Linah"]
[Result "0-1"]
[WhiteElo "1393"]
[BlackElo "1648"]
[EventDate "2019.07.09"]
[PlyCount "48"]

1.d4 d5 2.e3 Bf5 3.Bd3 Bxd3 4.Qxd3 Nf6 5.Nd2 e6 6.a3 c5 7.dxc5 Bxc5 8.b4 
Bd6 9.Bb2 O-O 10.Ngf3 Nc6 11.O-O Rc8 12.Rac1 h6 13.c4 dxc4 14.Nxc4 Bxh2+ 
15.Nxh2 Qxd3 16.Rfd1 Qg6 17.Nf3 Rcd8 18.Nd6 Ne4 19.Nxb7 Rxd1+ 20.Rxd1 Ng5 
21.Nxg5 Qxg5 22.Rd7 Ne5 23.Rc7 Nf3+ 24.Kf1 Qb5+ 0-1

[Event "13th Africa-ch (w)"]
[Site "Hammamet TUN"]
[Date "2019.07.16"]
[Round "8.5"]
[White "Mwango, Lorita"]
[Black "Marzouk, Amira"]
[Result "1/2-1/2"]
[WhiteElo "1931"]
[BlackElo "1667"]
[EventDate "2019.07.09"]
[PlyCount "167"]

1.d4 d5 2.Nf3 Nf6 3.Bf4 e6 4.e3 Be7 5.Be2 O-O 6.O-O b6 7.h3 Bb7 8.Nbd2 
Nbd7 9.c3 Ne4 10.Rc1 c5 11.Qc2 Rc8 12.Qb1 f5 13.Nxe4 fxe4 14.Ne5 Nxe5 15.
Bxe5 Bd6 16.Bg4 Qe7 17.Bxd6 Qxd6 18.Qc2 Ba6 19.Be2 Bxe2 20.Qxe2 c4 21.f3 
exf3 22.Rxf3 Rxf3 23.Qxf3 Rf8 24.Qe2 b5 25.Re1 e5 26.dxe5 Qxe5 27.Qd2 Qe4 
28.Rd1 Rf5 29.a3 Re5 30.Re1 a6 31.Qd4 Qxd4 32.cxd4 Re6 33.Kf2 Kf7 34.Kf3 
a5 35.Rc1 Kf6 36.Ke2 Kg5 37.g3 Rh6 38.Rh1 Kf5 39.Rf1+ Ke6 40.h4 Rf6 41.Re1
Kf5 42.Kf3 Kg6+ 43.Kg2 Kf5 44.Kf3 Ke6+ 45.Ke2 Kd6 46.Rc1 Rf7 47.Ra1 Ke6 
48.Re1 Rb7 49.Kf3 b4 50.axb4 axb4 51.Ra1 Kd6 52.Ra6+ Kc7 53.Kf4 Rb6 54.
Ra7+ Kc6 55.Ke5 Rb7 56.Ra6+ Rb6 57.Ra1 Rb5 58.e4 dxe4+ 59.Kxe4 Rb7 60.d5+ 
Kb5 61.Kd4 Rf7 62.Rc1 Rf2 63.Rxc4 Rd2+ 64.Ke3 Rxd5 65.Rc7 Rc5 66.Rxc5+ 
Kxc5 67.b3 Kd5 68.Kd3 h5 69.Ke3 Ke5 70.Kd3 Kd5 71.Ke3 Ke5 72.Kd3 Kf5 73.
Kc4 Kg4 74.Kxb4 Kxg3 75.Kc5 Kxh4 76.b4 Kg4 77.b5 h4 78.b6 h3 79.b7 h2 80.
b8=Q h1=Q 81.Qc8+ Kg3 82.Qc7+ Kf2 83.Qxg7 Qc1+ 84.Kd5 1/2-1/2

[Event "13th Africa-ch (w)"]
[Site "Hammamet TUN"]
[Date "2019.07.16"]
[Round "8.6"]
[White "Ofowino, Toritsemuwa"]
[Black "Chihi, Malek"]
[Result "1-0"]
[WhiteElo "1877"]
[BlackElo "1526"]
[EventDate "2019.07.09"]
[PlyCount "69"]

1.d4 d5 2.Bf4 e6 3.e3 Nf6 4.Nd2 Bd6 5.Bg3 O-O 6.Bd3 c5 7.c3 b6 8.Ngf3 Bxg3
9.hxg3 h6 10.Ne5 Bb7 11.Qf3 Nbd7 12.g4 Nxe5 13.dxe5 Nd7 14.Qg3 f6 15.exf6 
Qxf6 16.Nf3 g5 17.Qc7 Bc8 18.Bb5 Rf7 19.Bc6 Nf8 20.Qe5 Bb7 21.Qxf6 Rxf6 
22.Bxb7 Rb8 23.Bc6 Kg7 24.Ne5 Rc8 25.Ba4 Ng6 26.Nxg6 Kxg6 27.Rd1 Kg7 28.
Ke2 Rf7 29.Rd2 Rd8 30.Rhd1 Rb8 31.Bc2 Rfb7 32.Bb3 Re7 33.c4 dxc4 34.Bxc4 
Rc8 35.Bb5 1-0

[Event "13th Africa-ch (w)"]
[Site "Hammamet TUN"]
[Date "2019.07.16"]
[Round "8.7"]
[White "Ibrahim, Aishat"]
[Black "Shahenda, Wafa"]
[Result "0-1"]
[WhiteElo "1661"]
[BlackElo "2175"]
[EventDate "2019.07.09"]
[PlyCount "106"]

1.d4 Nf6 2.Nf3 g6 3.Bf4 Bg7 4.e3 d6 5.h3 O-O 6.c3 Nbd7 7.Be2 c5 8.Nbd2 
cxd4 9.exd4 Re8 10.O-O e5 11.dxe5 dxe5 12.Bg5 h6 13.Bxf6 Nxf6 14.Re1 Qc7 
15.Qc2 Nh5 16.Ne4 Nf4 17.Kh2 f5 18.Ng3 Nxe2 19.Rxe2 e4 20.Ne1 f4 21.Rxe4 
fxg3+ 22.fxg3 Bf5 23.Rxe8+ Rxe8 24.Qf2 Qb6 25.Qxb6 axb6 26.g4 Bd7 27.Nf3 
Re2 28.Rb1 Bc6 29.Kg1 Bf8 30.Kf1 Bb5 31.Kg1 Bc5+ 32.Kh1 Bc6 33.b4 Be7 34.
a3 Rc2 35.c4 Rxc4 36.Ne5 Rc2 37.Nxc6 bxc6 38.Rb3 Rc1+ 39.Kh2 Bd6+ 40.g3 
Rc2+ 41.Kh1 Kf7 42.h4 Be5 43.a4 Ra2 44.b5 c5 45.Re3 Ke6 46.h5 gxh5 47.gxh5
c4 48.g4 c3 49.Re4 Kd5 50.Re1 c2 51.g5 Ra1 52.Rxa1 Bxa1 53.gxh6 c1=Q+ 0-1

[Event "13th Africa-ch (w)"]
[Site "Hammamet TUN"]
[Date "2019.07.16"]
[Round "8.8"]
[White "Miladi, Amen"]
[Black "Mululu, Linah"]
[Result "1-0"]
[WhiteElo "1777"]
[BlackElo "1648"]
[EventDate "2019.07.09"]
[PlyCount "73"]

1.e4 e6 2.d4 d5 3.Nd2 dxe4 4.Nxe4 Nd7 5.Nf3 Ngf6 6.Ned2 c5 7.Be2 Qc7 8.c3 
b6 9.dxc5 Bxc5 10.Nb3 Be7 11.Nfd4 Bb7 12.Bf3 Bxf3 13.Qxf3 O-O 14.O-O a6 
15.Bf4 Bd6 16.Bxd6 Qxd6 17.Rad1 Qe5 18.Rfe1 Qg5 19.Qe2 Rfe8 20.Nf3 Qh5 21.
Nbd2 Nf8 22.Ne4 Nxe4 23.Qxe4 Rac8 24.Qe5 Qh6 25.Rd6 Rc5 26.Qe2 Rb5 27.a4 
Ra5 28.b4 Rh5 29.Rxb6 g5 30.Qd2 Qf6 31.Re5 h6 32.h3 Ng6 33.Re3 Nf4 34.Qd4 
Qg6 35.Qe4 f5 36.Qc6 Rd8 37.Nd4 1-0

[Event "13th Africa-ch (w)"]
[Site "Hammamet TUN"]
[Date "2019.07.16"]
[Round "8.9"]
[White "Ampaire, Shakira"]
[Black "Hwass, Zaineb"]
[Result "1-0"]
[WhiteElo "1651"]
[BlackElo "1403"]
[EventDate "2019.07.09"]
[PlyCount "106"]

1.c4 Nf6 2.Nc3 e6 3.d4 h6 4.e4 d6 5.Nf3 Be7 6.Bd3 c5 7.d5 exd5 8.exd5 O-O 
9.O-O Nbd7 10.Bc2 b6 11.Qd3 Re8 12.Bf4 Ba6 13.Rfe1 Qc7 14.Re3 Bf8 15.Rae1 
g6 16.h3 Bg7 17.b3 Rab8 18.a4 Rbd8 19.Qd2 Kh7 20.Re7 Rxe7 21.Rxe7 Rf8 22.
Ne4 Nxe4 23.Bxe4 Bc8 24.h4 Qb8 25.h5 Nf6 26.hxg6+ fxg6 27.Bc2 Ng8 28.Re1 
Bf5 29.Bxf5 Rxf5 30.Re6 Rf6 31.Qe3 Bf8 32.Rxf6 Nxf6 33.Qe6 Qd8 34.Qf7+ Bg7
35.Nh4 Qe8 36.Qxe8 Nxe8 37.Bd2 a5 38.g4 Nf6 39.f3 Nd7 40.Kf2 Ne5 41.Ke2 
Bf6 42.Ng2 Nd7 43.Nf4 Nf8 44.Kd3 Kg7 45.Ne6+ Nxe6 46.dxe6 g5 47.Ke4 Kg6 
48.Kd5 Be7 49.Kc6 Kf6 50.Kd7 Bf8 51.Bc3+ Kg6 52.e7 Bxe7 53.Kxe7 Kh7 1-0

[Event "13th Africa-ch (w)"]
[Site "Hammamet TUN"]
[Date "2019.07.17"]
[Round "9.6"]
[White "Ofowino, Toritsemuwa"]
[Black "February, Jesse Nikki"]
[Result "0-1"]
[WhiteElo "1877"]
[BlackElo "1888"]
[EventDate "2019.07.09"]
[PlyCount "84"]

1.d4 Nf6 2.Bf4 d5 3.e3 c5 4.c3 Nc6 5.Nd2 Bf5 6.Ngf3 e6 7.Qb3 Qd7 8.Ne5 c4 
9.Nxd7 cxb3 10.Nxf6+ gxf6 11.Nxb3 e5 12.Bg3 Be7 13.Bb5 exd4 14.Nxd4 Bd7 
15.Rd1 O-O 16.O-O f5 17.Rd2 h5 18.Bd3 Nxd4 19.exd4 Bg5 20.f4 Bf6 21.Re2 b5
22.Re5 Bxe5 23.fxe5 f6 24.e6 Bxe6 25.Bxb5 h4 26.Bxh4 Rab8 27.a4 a6 28.Bxa6
Rxb2 29.Ra1 Ra8 30.Bf1 Kf7 31.Bg3 Rb3 32.Bd6 Rxc3 33.Bc5 f4 34.a5 f3 35.
gxf3 Rxf3 36.Bg2 Rg8 37.a6 Bh3 38.Ra2 Rc3 39.Ra1 Rxg2+ 40.Kh1 Rcc2 41.Bd6 
Ra2 42.Re1 Rge2 0-1

[Event "13th Africa-ch (w)"]
[Site "Hammamet TUN"]
[Date "2019.07.17"]
[Round "9.9"]
[White "Chihi, Malek"]
[Black "Ibrahim, Aishat"]
[Result "1-0"]
[WhiteElo "1526"]
[BlackElo "1661"]
[EventDate "2019.07.09"]
[PlyCount "44"]

1.e4 d5 2.exd5 Qxd5 3.Nc3 Qd6 4.d4 Nf6 5.h3 Bf5 6.Nf3 a6 7.Bd3 Bg6 8.Be3 
Nc6 9.Qd2 Bxd3 10.Qxd3 g6 11.a4 Bg7 12.O-O O-O 13.Ne2 Nd5 14.Rac1 e6 15.
Rfd1 Nxe3 16.Qxe3 Rfe8 17.c4 Rad8 18.h4 Qe7 19.Nc3 Qf6 20.Ne4 Qf5 21.g4 
Bh6 22.gxf5 Bxe3 1-0

[Event "13th Africa-ch (w)"]
[Site "Hammamet TUN"]
[Date "2019.07.17"]
[Round "9.10"]
[White "Mululu, Linah"]
[Black "Hilali, Wissal"]
[Result "1-0"]
[WhiteElo "1648"]
[BlackElo "1468"]
[EventDate "2019.07.09"]
[PlyCount "34"]

1.d4 d5 2.Nf3 Nf6 3.c4 dxc4 4.Qa4+ c6 5.Qxc4 b5 6.Qc2 e6 7.g3 Bb7 8.Bg2 
Qc7 9.Nc3 b4 10.Na4 Nbd7 11.O-O Rc8 12.Nc5 Nxc5 13.dxc5 Qa5 14.Be3 Nd7 15.
Rfc1 Ba6 16.Bd4 f6 17.Bh3 Kf7 1-0

[Event "13th Africa-ch (w)"]
[Site "Hammamet TUN"]
[Date "2019.07.17"]
[Round "9.11"]
[White "Hwass, Zaineb"]
[Black "Yavo, Tchetche Marie"]
[Result "1-0"]
[WhiteElo "1403"]
[BlackElo "1393"]
[EventDate "2019.07.09"]
[PlyCount "53"]

1.d4 d5 2.Bf4 Nf6 3.e3 e6 4.Nd2 Bd6 5.Bxd6 cxd6 6.c4 dxc4 7.Bxc4 O-O 8.
Ngf3 a6 9.O-O b5 10.Be2 Bb7 11.Ne1 Nbd7 12.Bf3 Bxf3 13.Nexf3 d5 14.Qb3 Qb6
15.Rfc1 Rfc8 16.Rc2 Qb7 17.Qd3 Rxc2 18.Qxc2 Rc8 19.Qd1 Rc6 20.Rc1 a5 21.
Nb3 Rxc1 22.Qxc1 a4 23.Na5 Qa8 24.Nc6 Kh8 25.Nce5 Nxe5 26.Nxe5 Qa7 27.Qc8+
1-0